000 00886cam a2200325 4500
001 a44132
003 DO-SdBNP
005 20221109075630.0
007 a44132
008 090121s1993 sp | |||| 000 f spa
015 _a
017 _a
_b
020 _a8481300004
035 _a
040 _aBPMSU
_bspa
_cBPMSU
_e
080 _a
082 4 _aCo863.44
_bG216h 1993
_222
100 1 _aGabriel García Márquez,
_d1927-2014
245 1 0 _aLa hojarasca /
_cGabriel García Marquez.
_b
_h
250 _a
260 _aBarcelona :
_bEdiciones Primera Plana,
_c1993.
300 _a95 p. ;
_c23 cm.
490 0 _aGranddes autores .Biblioteca de literatura universal
590 _6Inventariado, 2022/VM
650 4 _aNovela colombiana
650 4 _aLiteratura colombiana
910 _aVMateo V./Validado
942 _2ddc
_cBK
945 _ainventariado extranjero / VM
999 _c10463
_d10463